| 000 | 00515nam a2200193 a 4500 | ||
|---|---|---|---|
| 005 | 20210219153414.0 | ||
| 008 | 991125n 000 0 u | ||
| 035 | _aUPN01000097212 | ||
| 100 | 1 | _aDuke, Daniel L | |
| 222 | _aPHI DELTA KAPPAN | ||
| 245 | _aRemoving barriers to professional growth | ||
| 300 | _a702-704, 710 | ||
| 362 | 0 | _a1993 Vol. 74, no. 9 | |
| 653 | 0 | _aDESARROLLO PROFESIONAL | |
| 653 | 0 | _aEVALUACION DOCENTE | |
| 653 | 0 | _aMOTIVACION DOCENTE | |
| 904 |
_aAC _b035023 |
||
| 905 | _aArticulo | ||
| 999 |
_c76090 _d76090 |
||